Help for farmers making losses (Record no. 65697)

MARC details
000 -LEADER
fixed length control field 00824cam a2200193 4500
001 - CONTROL NUMBER
control field WB3701-42
008 - FIXED-LENGTH DATA ELEMENTS--GENERAL INFORMATION
fixed length control field 000000n2000 000 0 eng u
035 ## - SYSTEM CONTROL NUMBER
System control number (Sirsi) u110161
245 ## - TITLE STATEMENT
Title Help for farmers making losses
260 ## - PUBLICATION, DISTRIBUTION, ETC.
Date of publication, distribution, etc. 2000
490 ## - SERIES STATEMENT
Series statement MAFF News Release
Volume/sequential designation (447) 18 December 2000, (1)
520 ## - SUMMARY, ETC.
Summary, etc. The Inland Revenue has published an extra statutory concession relaxing the rules governing the treatment of farming losses, increasing from five to seven the number of consecutive years during which farming losses can be offset against other sources of income. The concession will only apply for the tax years 2000/2001 and 2001/2002.
590 ## - LOCAL NOTE (RLIN)
Local note WB
650 ## - SUBJECT ADDED ENTRY--TOPICAL TERM
Topical term or geographic name entry element FARM LOSSES
650 ## - SUBJECT ADDED ENTRY--TOPICAL TERM
Topical term or geographic name entry element TAX CONCESSIONS
650 ## - SUBJECT ADDED ENTRY--TOPICAL TERM
Topical term or geographic name entry element INCOME TAX RELIEF
690 ## - LOCAL SUBJECT ADDED ENTRY--TOPICAL TERM (OCLC, RLIN)
Topical term or geographic name as entry element RURAL-FARM BUSINESS MANAGEMENT
942 ## - ADDED ENTRY ELEMENTS (KOHA)
Suppress in OPAC 0
Holdings
Withdrawn status Lost status Source of classification or shelving scheme Damaged status Not for loan Home library Current library Shelving location Date acquired Total Checkouts Full call number Barcode Date last seen Copy number Price effective from Koha item type
    Dewey Decimal Classification     London London News article 04/01/2001   WB3701-42 110161-1001 06/08/2019 1 06/08/2019 News article